000 00339nam a2200145 i 4500
001 bg
100 1 _aMELFESSEL, Z.
245 0 _aMagnitnye poluprowadniki /
_cZ. Melfessel, D. Mattis.
260 _aMoskwa,
_c1972.
700 1 _aMATTIS, D.
040 _cBPK
041 _apol
942 _cKS
008 s pl f |000 0 pol
999 _c14890
_d14890
856 _uhttp://koha.tu.koszalin.pl/cgi-bin/koha/opac-detail.pl?biblionumber=14890
_yKatalog online BPK